Movies Quiz

Random Movies or Letter Quiz
Score 0/24 Timer 04:00
6 Plays Today
% Correct
The Wizard of Oz
98.7%
The Truman Show
96.7%
Batman Forever
92.7%
West Side Story
92.7%
Rosemary's Baby
90.6%
Field of Dreams
90.4%
Basic Instinct
87.1%
Sophie's Choice
86.2%
Doctor Strange
85%
Five Feet Apart
84.8%
Les Misérables
84.1%
Live and Let Die
83.3%
% Correct
The Hurt Locker
81.3%
Reservoir Dogs
78.9%
Demolition Man
77.7%
Apocalypse Now
76.1%
Watership Down
75.6%
Doctor Zhivago
75.1%
Scent of a Woman
74.6%
Some Like It Hot
73%
The Jazz Singer
71.5%
To Catch a Thief
71.4%
The Deer Hunter
69.7%
A Bridge Too Far
62.9%
Remove Ads.
Support Sporcle.
Get the best of Sporcle when you Go Orange. This ad-free experience offers more features, more stats, and more fun while also helping to support Sporcle. Thank you for becoming a member.

You're not logged in!

Compare scores with friends on all Sporcle quizzes.
OR
Log In

Show Comments

Extras

Top Quizzes Today


Score Distribution

Your Account Isn't Verified!

In order to create a playlist on Sporcle, you need to verify the email address you used during registration. Go to your Sporcle Settings to finish the process.

Report this User

Report this user for behavior that violates our Community Guidelines.

Details: